| 000 | 00709cam a2200253 4500 | ||
|---|---|---|---|
| 005 | 20260322212056.0 | ||
| 008 | data | ||
| 010 | _a 78156575 | ||
| 020 | _a0816153825 | ||
| 020 | _a9780816153824 | ||
| 040 |
_aDLC _cDLC _dOCoLC _dOCoLC |
||
| 050 | 0 | 0 |
_aPS3558.I45 _bFl _aPS3558.I45 |
| 082 | 0 | 0 | _a813/.5/4 |
| 100 | 1 | _aHillerman, Tony. | |
| 245 | 1 | 4 |
_aThe fly on the wall. _cTony Hillerman. |
| 250 | _a[1st ed.] | ||
| 260 |
_aBoston, Massachusetts _bG.K. Hall & Co., _c[1971],1992. |
||
| 300 |
_a332 p. _c21 cm. |
||
| 350 | _a{dollar}5.95 | ||
| 500 | _a"A Joan Kahn--Harper novel of suspense." | ||
| 650 | 0 | _aDetective and mystery stories | |
| 655 | 7 |
_aDetective and mystery stories. _2gsafd |
|
| 001 | data | ||
| 999 |
_c1336 _d1336 |
||